[Event "CAN-op U1400"]
[Site "Sault Ste Marie CAN"]
[Date "2017.07.11"]
[Round "1"]
[White "Wang, David"]
[Black "Warusa, Kalan"]
[Result "1-0"]
[WhiteElo "1263"]
[BlackElo "836"]
[WhiteFideId "-1"]
[WhiteFideId "-1"]
[PlyCount "143"]
[GameId "2160767908343936"]
[EventDate "2017.07.08"]
[EventType "swiss"]
[EventRounds "9"]
[EventCountry "CAN"]
[SourceTitle "EXT 2022"]
[Source "ChessBase"]
[SourceDate "2021.10.06"]
[SourceVersion "1"]
[SourceVersionDate "2021.10.06"]
[SourceQuality "1"]

1. e4 c5 2. Nf3 d6 3. d4 cxd4 4. Nxd4 Nf6 5. Nc3 g6 6. Be3 Bg7 7. Be2 O-O 8. O-O a6 9. Qd2 Re8 10. Bh6 Bh8 11. f4 Qc7 12. Kh1 b5 13. a3 Bb7 14. Bf3 Nc6 15. Nxc6 Bxc6 16. f5 Qb7 17. Rfe1 a5 18. Qe3 b4 19. Nd1 bxa3 20. Rxa3 Nd7 21. b3 Qb4 22. Ra2 Bd4 23. Qe2 Bb5 24. c4 Ba6 25. Be3 Qxb3 26. Bxd4 Bxc4 27. Rb2 Bxe2 28. Rxb3 e5 29. Rxe2 exd4 30. Rd3 a4 31. Rxd4 a3 32. Ra2 Nb6 33. Rxd6 Nc4 34. Rd4 Nb2 35. h3 Reb8 36. Rd2 Nxd1 37. Bxd1 Rd8 38. Rxd8+ Rxd8 39. Bf3 Rd3 40. fxg6 hxg6 41. Kg1 Kg7 42. Kf2 Rb3 43. e5 Rb2+ 44. Rxb2 axb2 45. Be4 f5 46. Bd3 Kf7 47. Ke2 Ke6 48. Kd2 Kxe5 49. Kc2 Kd4 50. Be2 Ke3 51. Bf3 Kf4 52. Kxb2 g5 53. Kc2 g4 54. hxg4 fxg4 55. Ba8 g3 56. Kd3 Kg4 57. Ke4 Kh4 58. Kf4 Kh5 59. Kxg3 Kg5 60. Kf3 Kf5 61. g4+ Kg5 62. Kg3 Kf6 63. Kh4 Kg6 64. g5 Kg7 65. Kh5 Kh7 66. g6+ Kg7 67. Kg5 Kg8 68. Kf6 Kh8 69. g7+ Kg8 70. Bd5+ Kh7 71. g8=Q+ Kh6 72. Qg6# 1-0

[Event "CAN-op U1400"]
[Site "Sault Ste Marie CAN"]
[Date "2017.07.11"]
[Round "1"]
[White "Yuan, Henry"]
[Black "Joseph Benher, Savio"]
[Result "0-1"]
[WhiteElo "961"]
[BlackElo "1344"]
[WhiteFideId "-1"]
[WhiteFideId "-1"]
[PlyCount "50"]
[GameId "2160767908343937"]
[EventDate "2017.07.08"]
[EventType "swiss"]
[EventRounds "9"]
[EventCountry "CAN"]
[SourceTitle "EXT 2022"]
[Source "ChessBase"]
[SourceDate "2021.10.06"]
[SourceVersion "1"]
[SourceVersionDate "2021.10.06"]
[SourceQuality "1"]

1. e4 e6 2. Nf3 d5 3. exd5 exd5 4. d4 Nf6 5. c4 Nc6 6. Nc3 Bg4 7. Be2 dxc4 8. O-O Be7 9. d5 Bxf3 10. Bxf3 Ne5 11. Be2 O-O 12. Bf4 Nd3 13. Bxd3 cxd3 14. Qxd3 Qd7 15. Rfe1 Bb4 16. Qc4 Bxc3 17. bxc3 Nxd5 18. Red1 c6 19. Qb3 Qe7 20. c4 Nxf4 21. Re1 Qg5 22. Qf3 Rad8 23. Re4 Ne6 24. Rg4 Qe5 25. Re4 Qxa1+ 0-1

[Event "CAN-op U1400"]
[Site "Sault Ste Marie CAN"]
[Date "2017.07.11"]
[Round "1.56"]
[White "Zhao, Eric"]
[Black "Yang, Henry"]
[Result "1-0"]
[WhiteElo "928"]
[BlackElo "1318"]
[WhiteFideId "-1"]
[WhiteFideId "-1"]
[PlyCount "105"]
[GameId "2160767908343938"]
[EventDate "2017.07.08"]
[EventType "swiss"]
[EventRounds "9"]
[EventCountry "CAN"]
[SourceTitle "hb 2017"]

1. d4 d5 2. c4 e6 3. Nc3 Nf6 4. e3 Be7 5. Nf3 O-O 6. Be2 c6 7. O-O Nbd7 8. Re1 dxc4 9. Bxc4 b5 10. Bd3 Bb7 11. a3 Rc8 12. b4 a6 13. Bb2 Nd5 14. Rc1 N7b6 15. Ne4 Na4 16. Qb3 Qb6 17. Nc5 Nxc5 18. dxc5 Qd8 19. Rcd1 Bf6 20. Bc1 Qc7 21. e4 Nc3 22. Rd2 Na4 23. e5 Be7 24. Re4 a5 25. Rde2 axb4 26. axb4 Rfd8 27. Bc2 Bxc5 28. Rh4 Be7 29. Ng5 h6 30. Qh3 Bf8 31. Re3 c5 32. Nh7 cxb4 33. Rxh6 gxh6 34. Rg3+ Bg7 35. Qxh6 Qxe5 36. Nf6+ Kf8 37. Qxg7+ Ke7 38. Ng8+ Rxg8 39. Qxe5 Rxg3 40. hxg3 Rxc2 41. Bg5+ Ke8 42. Qd6 f6 43. Bxf6 Kf7 44. Qe7+ Kg6 45. Qg7+ Kf5 46. Qg5+ Ke4 47. Qe5+ Kd3 48. Qxb5+ Kd2 49. Qxb4+ Kd3 50. Qxb7 Rc1+ 51. Kh2 Ke2 52. Qe4+ Kf1 53. Qxa4 1-0

[Event "CAN-op U1400"]
[Site "Sault Ste Marie CAN"]
[Date "2017.07.11"]
[Round "1.62"]
[White "Jiang, William"]
[Black "Paquin, Jeremy"]
[Result "0-1"]
[WhiteElo "659"]
[BlackElo "1184"]
[WhiteFideId "-1"]
[WhiteFideId "-1"]
[PlyCount "66"]
[GameId "2160767908343939"]
[EventDate "2017.07.08"]
[EventType "swiss"]
[EventRounds "9"]
[EventCountry "CAN"]
[SourceTitle "hb 2017"]

1. e4 e6 2. d4 d5 3. e5 c5 4. c3 Nc6 5. Be3 Qb6 6. Nf3 Qxb2 7. Nbd2 Qxc3 8. g3 cxd4 9. Rc1 Qb4 10. Rb1 Qa5 11. Nxd4 Bc5 12. Nxc6 bxc6 13. Bg2 Bxe3 14. fxe3 Qc3 15. Qf3 Qxe5 16. O-O Ne7 17. Qxf7+ Kd8 18. Rbe1 Re8 19. e4 Qd4+ 20. Kh1 Qxd2 21. Qxg7 Ba6 22. Rf8 Qxe1+ 23. Bf1 Qxe4+ 24. Bg2 Qe1+ 25. Bf1 Bxf1 26. h4 Bh3+ 27. Kh2 Bf5 28. Qf7 Qf2+ 29. Kh1 Be4+ 30. Qf3 Bxf3+ 31. Rxf3 Qxf3+ 32. Kh2 Rg8 33. Kh3 Qxg3# 0-1

[Event "CAN-op U1400"]
[Site "Sault Ste Marie CAN"]
[Date "2017.07.11"]
[Round "2"]
[White "Ai, Amy"]
[Black "Zhao, Eric"]
[Result "1/2-1/2"]
[WhiteElo "1260"]
[BlackElo "928"]
[WhiteFideId "-1"]
[WhiteFideId "-1"]
[PlyCount "89"]
[GameId "2160767908343940"]
[EventDate "2017.07.08"]
[EventType "swiss"]
[EventRounds "9"]
[EventCountry "CAN"]
[SourceTitle "EXT 2022"]
[Source "ChessBase"]
[SourceDate "2021.10.06"]
[SourceVersion "1"]
[SourceVersionDate "2021.10.06"]
[SourceQuality "1"]

1. e4 c5 2. c3 Nc6 3. d4 cxd4 4. cxd4 e6 5. Nf3 d5 6. exd5 exd5 7. Bd3 Qb6 8. h3 Nf6 9. O-O Be7 10. Nc3 a6 11. a3 O-O 12. Rb1 Qc7 13. Bg5 Be6 14. Re1 h6 15. Be3 Rac8 16. Qd2 Rfe8 17. Bf4 Bd6 18. Bxd6 Qxd6 19. Rbc1 Na5 20. Nb5 Qb6 21. Nc3 Nb3 22. Qc2 Nxc1 23. Rxc1 Qa7 24. Qd2 Rc7 25. Ne2 Rxc1+ 26. Qxc1 Bd7 27. Ne5 Qb6 28. Qd2 Qc7 29. Nxd7 Qxd7 30. Ng3 Qe6 31. Kh2 Qe1 32. Qc2 Ne4 33. Nxe4 dxe4 34. Bc4 e3 35. fxe3 Rxe3 36. Qf5 Qg3+ 37. Kg1 Re1+ 38. Bf1 Qe3+ 39. Kh2 Qxd4 40. Qc8+ Kh7 41. Qf5+ g6 42. Qxf7+ Qg7 43. Qf2 Rb1 44. b4 Qe5+ 45. Kg1 1/2-1/2

[Event "CAN-op U1400"]
[Site "Sault Ste Marie CAN"]
[Date "2017.07.11"]
[Round "2"]
[White "Bai, Kingsley"]
[Black "Yuan, Henry"]
[Result "0-1"]
[WhiteElo "652"]
[BlackElo "961"]
[WhiteFideId "-1"]
[WhiteFideId "-1"]
[PlyCount "104"]
[GameId "2160767908343941"]
[EventDate "2017.07.08"]
[EventType "swiss"]
[EventRounds "9"]
[EventCountry "CAN"]
[SourceTitle "EXT 2022"]
[Source "ChessBase"]
[SourceDate "2021.10.06"]
[SourceVersion "1"]
[SourceVersionDate "2021.10.06"]
[SourceQuality "1"]

1. d4 Nf6 2. Nf3 g6 3. e3 Bg7 4. Bd3 Nc6 5. O-O O-O 6. Nbd2 Nb4 7. e4 Nxd3 8. cxd3 d5 9. e5 Nd7 10. Nb3 a5 11. Be3 a4 12. Nc5 Nxc5 13. dxc5 c6 14. Qd2 Qa5 15. Qc1 Bf5 16. Bh6 Bxd3 17. Bxg7 Kxg7 18. Re1 Bc4 19. Qg5 f6 20. exf6+ exf6 21. Re7+ Rf7 22. Rxf7+ Kxf7 23. Qh6 Rh8 24. Qf4 Qxc5 25. Rc1 Qe7 26. Ng5+ Kg7 27. Nf3 Bxa2 28. Re1 Qd8 29. Nd4 Kf7 30. Ne6 Re8 31. Ng5+ Kg8 32. Rxe8+ Qxe8 33. g3 fxg5 34. Qxg5 Qe1+ 35. Kg2 Qe4+ 36. Kh3 Qf5+ 37. Qxf5 gxf5 38. Kg2 Kf7 39. Kf1 Ke6 40. Ke2 Ke5 41. Kd3 c5 42. f4+ Kf6 43. Kc3 b5 44. Kc2 b4 45. h4 c4 46. Kc1 d4 47. Kd1 d3 48. Kc1 c3 49. bxc3 bxc3 50. Kd1 Bb3+ 51. Kc1 d2+ 52. Kb1 d1=Q# 0-1

[Event "CAN-op U1400"]
[Site "Sault Ste Marie CAN"]
[Date "2017.07.11"]
[Round "2"]
[White "Cameron, Brian"]
[Black "Wang, Arthur D"]
[Result "0-1"]
[WhiteElo "900"]
[BlackElo "634"]
[WhiteFideId "-1"]
[WhiteFideId "-1"]
[PlyCount "54"]
[GameId "2160767908343942"]
[EventDate "2017.07.08"]
[EventType "swiss"]
[EventRounds "9"]
[EventCountry "CAN"]
[SourceTitle "EXT 2022"]
[Source "ChessBase"]
[SourceDate "2021.10.06"]
[SourceVersion "1"]
[SourceVersionDate "2021.10.06"]
[SourceQuality "1"]

1. e4 c5 2. e5 Nc6 3. Nf3 e6 4. Nc3 Be7 5. Bc4 Qc7 6. O-O Nxe5 7. Nxe5 Qxe5 8. Re1 Qc7 9. Nb5 Qc6 10. d3 d5 11. a4 dxc4 12. dxc4 a6 13. Nc3 Bd7 14. Bf4 Nf6 15. h3 O-O 16. Re3 b6 17. b3 Bc8 18. Rg3 Kh8 19. Qd2 Rd8 20. Qe3 Bb7 21. Be5 Rac8 22. Qg5 Rg8 23. Ne2 Bf8 24. Nf4 Ne4 25. Qh6 Nxg3 26. Bxg7+ Rxg7 27. Ng6+ fxg6 0-1

[Event "CAN-op U1400"]
[Site "Sault Ste Marie CAN"]
[Date "2017.07.11"]
[Round "2"]
[White "Chen, Alina Yuexi"]
[Black "Mukherjee, Pranoy"]
[Result "0-1"]
[WhiteElo "670"]
[BlackElo "1048"]
[WhiteFideId "-1"]
[WhiteFideId "-1"]
[PlyCount "72"]
[GameId "2160767908343943"]
[EventDate "2017.07.08"]
[EventType "swiss"]
[EventRounds "9"]
[EventCountry "CAN"]
[SourceTitle "EXT 2022"]
[Source "ChessBase"]
[SourceDate "2021.10.06"]
[SourceVersion "1"]
[SourceVersionDate "2021.10.06"]
[SourceQuality "1"]

1. e4 e6 2. d4 d5 3. Nc3 Bb4 4. Bd3 Nf6 5. a3 Bxc3+ 6. bxc3 dxe4 7. Bc4 Nc6 8. Ne2 e5 9. d5 Ne7 10. O-O Nfxd5 11. Re1 O-O 12. Rb1 b6 13. a4 Bg4 14. h3 Bxe2 15. Rxe2 Nxc3 16. Qxd8 Nxe2+ 17. Kh1 Raxd8 18. Ba3 Rfe8 19. Re1 Nc3 20. Bb3 Rd1 21. Rxd1 Nxd1 22. c4 Nxf2+ 23. Kg1 e3 24. Bb2 Nf5 25. Kh2 e2 26. Bc2 e1=Q 27. Bxf5 Qb4 28. Bc1 Qxc4 29. Bg5 f6 30. Be3 Nd1 31. Bd2 Rd8 32. Be1 Qf4+ 33. Kh1 Qxf5 34. Bg3 Rd2 35. Be1 Qf1+ 36. Kh2 Qxg2# 0-1

[Event "CAN-op U1400"]
[Site "Sault Ste Marie CAN"]
[Date "2017.07.11"]
[Round "2"]
[White "Chen, Andrew2"]
[Black "Wang, Daniel1"]
[Result "0-1"]
[WhiteElo "1009"]
[BlackElo "980"]
[WhiteFideId "-1"]
[WhiteFideId "-1"]
[PlyCount "144"]
[GameId "2160767908343944"]
[EventDate "2017.07.08"]
[EventType "swiss"]
[EventRounds "9"]
[EventCountry "CAN"]
[SourceTitle "EXT 2022"]
[Source "ChessBase"]
[SourceDate "2021.10.06"]
[SourceVersion "1"]
[SourceVersionDate "2021.10.06"]
[SourceQuality "1"]

1. d4 d5 2. c4 dxc4 3. e3 e5 4. Bxc4 Nc6 5. Ne2 Nf6 6. O-O Bd6 7. Nbc3 O-O 8. b3 Bf5 9. Ng3 Bg6 10. Nce2 h6 11. Bb2 Qd7 12. f3 e4 13. f4 Ne7 14. h3 b5 15. Bxb5 Qxb5 16. Nc3 Qd7 17. Qc2 Rac8 18. Ncxe4 Nxe4 19. Nxe4 Qe6 20. Qc3 Qxe4 21. d5 f6 22. Qa5 Qxe3+ 23. Kh1 Qb6 24. Qd2 Be4 25. Rae1 Bb4 26. Qe2 Bxg2+ 27. Qxg2 Bxe1 28. Rxe1 Qd6 29. Rd1 Rcd8 30. Qg4 Nxd5 31. Rg1 Rf7 32. Bc1 Qc6 33. Qg2 Ne7 34. Qxc6 Nxc6 35. Be3 Rfd7 36. Kh2 Re8 37. Bf2 Re2 38. Rg2 Rdd2 39. Kg3 Nd4 40. Rh2 Nf5+ 41. Kf3 Nd4+ 42. Kg3 Rxf2 43. Rxf2 Rxf2 44. Kxf2 Kf7 45. Ke3 Nf5+ 46. Ke4 Ke6 47. a4 g5 48. b4 Nd6+ 49. Kf3 Kf5 50. fxg5 fxg5 51. b5 h5 52. b6 axb6 53. Kg3 g4 54. h4 Ne4+ 55. Kh2 g3+ 56. Kh3 g2 57. Kxg2 Kg4 58. Kg1 Kxh4 59. Kh2 Nc5 60. a5 bxa5 61. Kg2 a4 62. Kf3 a3 63. Ke3 a2 64. Kf4 a1=Q 65. Kf5 Qe1 66. Kf6 Qe4 67. Kf7 Qe6+ 68. Kg7 Kg5 69. Kh7 Qf6 70. Kg8 Qe7 71. Kh8 Kg6 72. Kg8 Qg7# 0-1

[Event "CAN-op U1400"]
[Site "Sault Ste Marie CAN"]
[Date "2017.07.11"]
[Round "2"]
[White "Gaur, Shivan"]
[Black "Mainville, Yanic"]
[Result "1-0"]
[WhiteElo "1281"]
[BlackElo "1148"]
[WhiteFideId "-1"]
[WhiteFideId "-1"]
[PlyCount "85"]
[GameId "2160767908343946"]
[EventDate "2017.07.08"]
[EventType "swiss"]
[EventRounds "9"]
[EventCountry "CAN"]
[SourceTitle "EXT 2022"]
[Source "ChessBase"]
[SourceDate "2021.10.06"]
[SourceVersion "1"]
[SourceVersionDate "2021.10.06"]
[SourceQuality "1"]

1. d4 d5 2. c4 c6 3. Nf3 Nf6 4. e3 e6 5. Bd3 Nbd7 6. O-O Bd6 7. Nc3 O-O 8. e4 dxc4 9. Bxc4 e5 10. dxe5 Nxe5 11. Nxe5 Bxe5 12. Qc2 b5 13. Bd3 Bd4 14. Bg5 h6 15. Bh4 Re8 16. Rad1 Bg4 17. Rde1 Qb6 18. Ne2 Bc5 19. Bxf6 gxf6 20. h3 Bh5 21. Ng3 Bg6 22. Rc1 Re5 23. Kh2 Bd4 24. Qxc6 Qxc6 25. Rxc6 Rd8 26. Rxf6 Bxf2 27. R1xf2 Rxd3 28. R6f4 Re3 29. Rc2 Re6 30. Rc8+ Kh7 31. Rc7 a6 32. Rc2 Re5 33. Rf3 R3xe4 34. Nxe4 Bxe4 35. Rxf7+ Kg6 36. Rcf2 Bf5 37. Ra7 Re6 38. g4 Bb1 39. a3 Kg5 40. Kg3 Re3+ 41. Rf3 Re6 42. Rg7+ Rg6 43. h4# 1-0

[Event "CAN-op U1400"]
[Site "Sault Ste Marie CAN"]
[Date "2017.07.11"]
[Round "2"]
[White "Hay, Jonathan"]
[Black "Li, Gabriel"]
[Result "0-1"]
[WhiteElo "1002"]
[BlackElo "813"]
[WhiteFideId "-1"]
[WhiteFideId "-1"]
[PlyCount "48"]
[GameId "2160767908343947"]
[EventDate "2017.07.08"]
[EventType "swiss"]
[EventRounds "9"]
[EventCountry "CAN"]

1. e4 c5 2. Nf3 d6 3. d4 cxd4 4. Nxd4 Nf6 5. Nc3 g6 6. Bc4 Bg7 7. O-O O-O 8. Bf4 e5 9. Ndb5 exf4 10. Qxd6 Qxd6 11. Nxd6 Bd7 12. Rab1 Nc6 13. e5 Nxe5 14. Nxb7 Nxc4 15. Rfd1 Bc6 16. Nc5 f3 17. g3 Rad8 18. b4 Na3 19. Rb3 Nxc2 20. Rc1 Nd4 21. Ra3 Ne2+ 22. Nxe2 fxe2 23. Re1 Rd1 24. Nd3 Bb5 0-1

[Event "CAN-op U1400"]
[Site "Sault Ste Marie CAN"]
[Date "2017.07.11"]
[Round "2"]
[White "Joseph Benher, Savio"]
[Black "Dong, Yiwei"]
[Result "1-0"]
[WhiteElo "1344"]
[BlackElo "1256"]
[WhiteFideId "-1"]
[WhiteFideId "-1"]
[PlyCount "67"]
[GameId "2160767908343948"]
[EventDate "2017.07.08"]
[EventType "swiss"]
[EventRounds "9"]
[EventCountry "CAN"]
[SourceTitle "EXT 2022"]
[Source "ChessBase"]
[SourceDate "2021.10.06"]
[SourceVersion "1"]
[SourceVersionDate "2021.10.06"]
[SourceQuality "1"]

1. e4 e6 2. d4 d5 3. Nc3 Bb4 4. exd5 exd5 5. Bd3 Nf6 6. Nf3 O-O 7. O-O h6 8. h3 Nc6 9. a3 Bd6 10. Be3 Be6 11. Qd2 Re8 12. Rfe1 Qd7 13. Bxh6 gxh6 14. Qxh6 Be7 15. g4 Bxg4 16. Qg5+ Kf8 17. hxg4 Nxg4 18. Bf5 Qd6 19. Qxg4 Bf6 20. Nb5 Qd8 21. Rxe8+ Kxe8 22. Qg8+ Ke7 23. Re1+ Be5 24. Qxd8+ Rxd8 25. Nxe5 Rg8+ 26. Kf1 Nxe5 27. Rxe5+ Kf6 28. Nxc7 Rd8 29. Nxd5+ Kg7 30. Nf4 Rxd4 31. Nh5+ Kh6 32. Ng3 Rc4 33. Bd3 Rc6 34. Nf5+ 1-0

[Event "CAN-op U1400"]
[Site "Sault Ste Marie CAN"]
[Date "2017.07.11"]
[Round "2"]
[White "Lu, Lucas Yunkun"]
[Black "Chakkoli, Anirud"]
[Result "1-0"]
[WhiteElo "1299"]
[BlackElo "1174"]
[WhiteFideId "-1"]
[WhiteFideId "-1"]
[PlyCount "131"]
[GameId "2160767908343949"]
[EventDate "2017.07.08"]
[EventType "swiss"]
[EventRounds "9"]
[EventCountry "CAN"]
[SourceTitle "EXT 2022"]
[Source "ChessBase"]
[SourceDate "2021.10.06"]
[SourceVersion "1"]
[SourceVersionDate "2021.10.06"]
[SourceQuality "1"]

1. e4 d5 2. exd5 Nf6 3. d4 Nxd5 4. Nf3 Nc6 5. Bc4 e6 6. O-O Bd6 7. Re1 O-O 8. h3 h6 9. a3 Qf6 10. Be3 Nde7 11. Nc3 Nf5 12. Ne4 Qg6 13. Nxd6 cxd6 14. Bd3 Qf6 15. Bxf5 Qxf5 16. c4 Qf6 17. d5 Ne5 18. Nxe5 dxe5 19. d6 Bd7 20. c5 Rad8 21. b4 a6 22. Qc2 Bc6 23. Rab1 Qh4 24. a4 f5 25. b5 Bd5 26. f3 Rf6 27. Bf2 Qg5 28. Qc1 Qg6 29. Kh2 e4 30. Bh4 exf3 31. gxf3 Bxf3 32. Rg1 Qf7 33. Bxf6 Qxf6 34. Qe3 Be4 35. Qg3 Bxb1 36. Rxb1 a5 37. c6 bxc6 38. bxc6 f4 39. Qd3 Qf8 40. c7 Rxd6 41. Qxd6 Qxd6 42. c8=Q+ Kh7 43. Qc2+ Kg8 44. Rd1 Qb8 45. Qd2 Kh7 46. Qd3+ Kg8 47. Qd8+ Qxd8 48. Rxd8+ Kf7 49. Ra8 e5 50. Rxa5 e4 51. Rf5+ Ke6 52. Rxf4 Ke5 53. Rf1 Kd4 54. Kg2 g5 55. Re1 g4 56. hxg4 h5 57. gxh5 e3 58. Kf3 Kd5 59. h6 e2 60. h7 Ke5 61. h8=Q+ Kf5 62. Rxe2 Kg6 63. Qg8+ Kf5 64. Qf7+ Kg5 65. Rg2+ Kh4 66. Qh7# 1-0

[Event "CAN-op U1400"]
[Site "Sault Ste Marie CAN"]
[Date "2017.07.11"]
[Round "2"]
[White "Paquin, Jeremy"]
[Black "Vo, Peter"]
[Result "1/2-1/2"]
[WhiteElo "1184"]
[BlackElo "1326"]
[WhiteFideId "-1"]
[WhiteFideId "-1"]
[PlyCount "113"]
[GameId "2160767908343950"]
[EventDate "2017.07.08"]
[EventType "swiss"]
[EventRounds "9"]
[EventCountry "CAN"]
[SourceTitle "EXT 2022"]
[Source "ChessBase"]
[SourceDate "2021.10.06"]
[SourceVersion "1"]
[SourceVersionDate "2021.10.06"]
[SourceQuality "1"]

1. e4 c5 2. Nc3 Nc6 3. f4 d6 4. Nf3 Bg4 5. Bb5 a6 6. Bxc6+ bxc6 7. O-O Nf6 8. d3 d5 9. Qe1 e6 10. Ne5 Qc7 11. Qg3 Bh5 12. f5 Nd7 13. fxe6 Nxe5 14. exf7+ Bxf7 15. Bf4 Bd6 16. Qxg7 O-O-O 17. Bxe5 Bxe5 18. Qxf7 Bxh2+ 19. Kh1 Rd7 20. Qf5 Rg8 21. Qh3 Be5 22. exd5 Bxc3 23. bxc3 cxd5 24. Rf7 Kd8 25. Qxh7 Re8 26. Rxd7+ Qxd7 27. Qxd7+ Kxd7 28. d4 c4 29. a4 Re3 30. Ra3 Ke6 31. Kg1 Re2 32. Ra2 Kf5 33. Kf1 Rd2 34. Kg1 Kf4 35. Kh2 Ke3 36. Kh3 Rd3 37. cxd3 cxd3 38. g4 d2 39. Rxd2 Kxd2 40. g5 Kxc3 41. g6 Kxd4 42. g7 Kc4 43. g8=Q a5 44. Kg3 Kc5 45. Qg5 Kb4 46. Qxd5 Kxa4 47. Qc4+ Ka3 48. Qc3+ Ka4 49. Kf3 Kb5 50. Qb3+ Ka6 51. Ke4 a4 52. Qxa4+ Kb6 53. Kd5 Kc7 54. Qc4+ Kb6 55. Qc5+ Kb7 56. Kd6 Ka6 57. Kc7 1/2-1/2

[Event "CAN-op U1400"]
[Site "Sault Ste Marie CAN"]
[Date "2017.07.11"]
[Round "2"]
[White "Qiu, James"]
[Black "Chen, Derek1"]
[Result "0-1"]
[WhiteElo "1152"]
[BlackElo "1336"]
[WhiteFideId "-1"]
[WhiteFideId "-1"]
[PlyCount "92"]
[GameId "2160767908343951"]
[EventDate "2017.07.08"]
[EventType "swiss"]
[EventRounds "9"]
[EventCountry "CAN"]
[SourceTitle "EXT 2022"]
[Source "ChessBase"]
[SourceDate "2021.10.06"]
[SourceVersion "1"]
[SourceVersionDate "2021.10.06"]
[SourceQuality "1"]

1. e4 c5 2. Nf3 e6 3. d4 cxd4 4. Nxd4 a6 5. Bd3 Qc7 6. O-O Nf6 7. Nc3 Bc5 8. Nb3 Be7 9. Qf3 Nc6 10. Re1 O-O 11. Bf4 e5 12. Bg5 d6 13. Qg3 Be6 14. Bxf6 Bxf6 15. Nd5 Bxd5 16. exd5 Ne7 17. Qh3 h6 18. c4 Ng6 19. Qg4 Bg5 20. Bxg6 fxg6 21. Qe6+ Qf7 22. Qxd6 Qxf2+ 23. Kh1 e4 24. Qe6+ Kh7 25. Qxe4 Rae8 26. Qxe8 Rxe8 27. Rxe8 Qxb2 28. Rb8 Qc3 29. Rxb7 Qxc4 30. Rd1 Qe2 31. Ra1 Qd3 32. Rd7 Qf5 33. Nc5 Be3 34. Ne6 Bd4 35. Rc1 Be5 36. Rd8 h5 37. Kg1 Qf6 38. Rd7 Bd4+ 39. Kh1 Qf5 40. Rd1 a5 41. h3 Be5 42. Kg1 Kh6 43. Rf1 Bd4+ 44. Nxd4 Qxd7 45. Rf8 Qxd5 46. Nf3 Qc5+ 0-1

[Event "CAN-op U1400"]
[Site "Sault Ste Marie CAN"]
[Date "2017.07.11"]
[Round "2.57"]
[White "Locham, Divjot"]
[Black "Wang, Daniel1"]
[Result "1-0"]
[WhiteElo "1119"]
[BlackElo "1285"]
[WhiteFideId "-1"]
[WhiteFideId "-1"]
[PlyCount "78"]
[GameId "2160767908343954"]
[EventDate "2017.07.08"]
[EventType "swiss"]
[EventRounds "9"]
[EventCountry "CAN"]
[SourceTitle "EXT 2022"]
[Source "ChessBase"]
[SourceDate "2021.10.06"]
[SourceVersion "1"]
[SourceVersionDate "2021.10.06"]
[SourceQuality "1"]

1. e4 c5 2. d4 cxd4 3. c3 dxc3 4. Nxc3 d6 5. Bc4 Nc6 6. Nf3 Nf6 7. O-O Bg4 8. h3 Bh5 9. e5 dxe5 10. Qxd8+ Rxd8 11. Bb5 Bxf3 12. gxf3 Nd5 13. Be3 Nxc3 14. bxc3 a6 15. Bxc6+ bxc6 16. Rfd1 e6 17. Rxd8+ Kxd8 18. Rb1 Bd6 19. Rb7 Bc7 20. Bb6 Bxb6 21. Rb8+ Ke7 22. Rxh8 h6 23. Rb8 Bd8 24. Rb7+ Kf6 25. Rd7 Ba5 26. Rd6 c5 27. c4 e4 28. fxe4 Bc7 29. Rxa6 Ke5 30. Ra7 Bb6 31. Rxf7 Kxe4 32. Rxg7 Kd4 33. Rb7 Ba5 34. Ra7 Bb6 35. Ra6 Bc7 36. Rxe6 Kxc4 37. Rxh6 Kb4 38. a3+ Kb5 39. h4 c4 1-0

[Event "CAN-op U1400"]
[Site "Sault Ste Marie CAN"]
[Date "2017.07.11"]
[Round "2.66"]
[White "Gaisinsky, Jacob"]
[Black "Jiang, William"]
[Result "1-0"]
[WhiteElo "943"]
[BlackElo "659"]
[WhiteFideId "-1"]
[WhiteFideId "-1"]
[PlyCount "77"]
[GameId "2160767908343956"]
[EventDate "2017.07.08"]
[EventType "swiss"]
[EventRounds "9"]
[EventCountry "CAN"]
[SourceTitle "hb 2017"]

1. e4 c5 2. d4 cxd4 3. c3 dxc3 4. Nxc3 Nf6 5. Bc4 Nc6 6. Nf3 b6 7. O-O Bb7 8. Ng5 e6 9. Qe2 Bc5 10. e5 Nd5 11. Nxd5 exd5 12. Bxd5 Qc7 13. Bxf7+ Ke7 14. e6 d6 15. Nxh7 Rxh7 16. Bg5+ Kf8 17. Qf3 Nd4 18. e7+ Qxe7 19. Bxe7+ Kxe7 20. Qxb7+ Kf6 21. Qxa8 Kxf7 22. Qxa7+ Kg6 23. Rfd1 Ne2+ 24. Kf1 Nd4 25. b4 Bxb4 26. Rxd4 Bc3 27. Rad1 Bxd4 28. Rxd4 Rxh2 29. Rg4+ Kf5 30. Qd7+ Kf6 31. Rf4+ Kg5 32. Qf5+ Kh6 33. Qe6+ g6 34. Rg4 Kg7 35. Qxg6+ Kf8 36. Qg7+ Ke8 37. Ra4 Rh1+ 38. Ke2 b5 39. Ra8# 1-0

[Event "CAN-op U1400"]
[Site "Sault Ste Marie CAN"]
[Date "2017.07.12"]
[Round "3"]
[White "Bai, Kingsley"]
[Black "Cameron, Brian"]
[Result "0-1"]
[WhiteElo "652"]
[BlackElo "900"]
[WhiteFideId "-1"]
[WhiteFideId "-1"]
[PlyCount "72"]
[GameId "2160767908343957"]
[EventDate "2017.07.08"]
[EventType "swiss"]
[EventRounds "9"]
[EventCountry "CAN"]
[SourceTitle "EXT 2022"]
[Source "ChessBase"]
[SourceDate "2021.10.06"]
[SourceVersion "1"]
[SourceVersionDate "2021.10.06"]
[SourceQuality "1"]

1. d4 d5 2. Nf3 Nc6 3. Bf4 e6 4. e3 Nf6 5. Bd3 Bd6 6. O-O Bxf4 7. exf4 O-O 8. Nc3 b6 9. Ne2 Ne7 10. c3 c5 11. Bc2 c4 12. b3 b5 13. Ne5 Nd7 14. Nd3 cxd3 15. Ng3 dxc2 16. Qxc2 f5 17. c4 dxc4 18. bxc4 bxc4 19. Qc3 Qc7 20. Nh5 g6 21. d5 gxh5 22. Rae1 Nxd5 23. Qa1 Nxf4 24. Re3 Qc6 25. Rg3+ Ng6 26. Re1 Bb7 27. Rg5 Kf7 28. Qb2 h6 29. Rg3 h4 30. Rf3 Nde5 31. Rxe5 Nxe5 32. Qxe5 Rad8 33. h3 Rd1+ 34. Kh2 Qb6 35. g4 Bxf3 36. Qe3 Rh1# 0-1

[Event "CAN-op U1400"]
[Site "Sault Ste Marie CAN"]
[Date "2017.07.12"]
[Round "3"]
[White "Chen, Derek1"]
[Black "Locham, Divjot"]
[Result "0-1"]
[WhiteElo "1336"]
[BlackElo "1119"]
[WhiteFideId "-1"]
[WhiteFideId "-1"]
[PlyCount "50"]
[GameId "2160767908343958"]
[EventDate "2017.07.08"]
[EventType "swiss"]
[EventRounds "9"]
[EventCountry "CAN"]
[SourceTitle "EXT 2022"]
[Source "ChessBase"]
[SourceDate "2021.10.06"]
[SourceVersion "1"]
[SourceVersionDate "2021.10.06"]
[SourceQuality "1"]

1. e4 e5 2. Nc3 Nf6 3. f4 d5 4. fxe5 Nxe4 5. Nf3 Be7 6. Be2 Bh4+ 7. g3 Be7 8. d4 O-O 9. Bd2 c5 10. Bd3 Bg4 11. Nxe4 dxe4 12. Bxe4 Nc6 13. Bxc6 bxc6 14. c3 cxd4 15. cxd4 c5 16. dxc5 Bxc5 17. h3 Bf5 18. Bc3 Qb6 19. Bd4 Rfd8 20. Rf1 Bxh3 21. Rh1 Bg2 22. Rh2 Bxf3 23. Qxf3 Bxd4 24. Rd1 Bxb2 25. Rd6 Qg1+ 0-1